000 00557nam a2200205Ia 4500
005 20250923150202.0
008 008 250917s9999 xx 000 0 eng d
037 _aTextual
040 _aDSWL
_beng
_cDSWL
041 _aeng
_2eng
084 _qDSWL
100 _aCatherine, Hein
_9843161
245 0 _aReconciling work and family iespasibilities
_cby Hein Catherine
260 _aNew Delhi
_b Bookwell Publications
_c2005
300 _a207p.
365 _aINR
_b495 . 0
925 _g495 . 0
942 _cTEXL
999 _c1460550
_d1460550